| 000 | 00404nam a22001337a 4500 | ||
|---|---|---|---|
| 008 | 230620b |||||||| |||| 00| 0 eng d | ||
| 040 |
_aNational Science Library _cNational Science Library |
||
| 080 |
_a624.012.45 _bK5 |
||
| 100 | _aRao, K L | ||
| 245 | _aCalculation design and testing of reinforced concrete | ||
| 260 |
_aLondon: _bCharotar Book Stall, _c1965 |
||
| 300 | _a592p. | ||
| 942 |
_2udc _cBK |
||
| 999 |
_c45324 _d45324 |
||